000 00819nam a2200241Ia 4500
003 OSt
005 20220913110054.0
008 210716s1994 xx 000 0 und d
040 _cAIMIT LIBRARY
041 _aeng
082 _a620.00420285
_bHEAG
100 _aHead, George O.
_957299
245 _aAutocad 3d book:
_bcovers through AutoCAD release 12 /
_cBy George O Head, Charles A Pietra and Kenneth J L Segal
250 _a1st ed.
260 _aNew Delhi :
_bGalgotia Publications Pvt Ltd ,
_c1994.
300 _ac,319,5p. ;
_c24 cm.
650 _aAutoCAD's user coordinate system
_957300
650 _aSurfaces and meshes
_957301
650 _aNew twists to old commands
_957302
700 _aPietra, Charles A.
_957303
700 _aSegal, Kenneth J L.
_957304
942 _2ddc
_cBK
_e1st
_k620.00420285 HEAG
999 _c182918
_d182918